000 nam a22 a 4500
999 _c143480
_d143480
003 BLK
005 20230131165308.0
008 180409b bul|||||r ||||||| ||bul||
010 _aKNG00149603000
040 _aBLK
041 _aBUL
_cBUL
072 7 _2bullib
_aЯ
_xАвтографи
080 _aБългарска литература
_b821.163.2
_x-93-32
_z821.163.2-93-32
100 1 _aЧаушев, Вели Светлинов
_eпърви автор
_9270548
139 _aЧаушев, Вели Светлинов
_bЧ 46
245 1 0 _aГрънчо
_cВели Светлинов Чаушев; худож. Георги Чаушов.
245 1 0 _aСламчо
_bДве приказни повести : За предучилищна и нач. училищна възраст
257 _aBGR
260 _aСофия
_bНар. младеж
_c1974
_fСофия : Д. Благоев
300 _a100 с.
_bс ил.
_c22 см
380 _aDX
500 _a20 125 тир.
659 _aЯ
700 1 _aЧаушов, Георги
_eхудож.
_9367514
852 _aЦб 262838
856 4 _qpdf
_i0.42
_ldisable
856 4 _qpdf
_i0.42
_ldisable
942 _cKNG
_n0
_s1
944 _aCR
_c20.08.2013
_l20.08.2013 - от С1,Р / 20.08.2013
_kСерджан_Ахмедов
944 _aED
_c12.09.2017
_l20.08.2013 - от С1,Р / 20.08.2013
_kВася_Ганчева
999 _d143480
999 _d143480